| 000 | 00545nam a2200181Ia 4500 | ||
|---|---|---|---|
| 008 | 100920s9999 xx 000 0 und d | ||
| 082 |
_b66338 _a--- थ 91 |
||
| 100 | _aसोनवणी संजय. | ||
| 245 | _aरक्तराग. | ||
| 260 |
_bपुष्प प्रकाशन लि., पुणे. _c1991 |
||
| 300 |
_a142 _bसाधी |
||
| 365 | _b75 | ||
| 520 | _aकादंबरी. | ||
| 630 | _aरक्तराग. | ||
| 650 | _aकादंबरी. | ||
| 730 | _aरक्तराग. | ||
| 942 | _cBOOK | ||
| 999 |
_c708989 _d708986 |
||